| 000 | 00401 a2200145 4500 | ||
|---|---|---|---|
| 001 | 168330 | ||
| 020 | _a | ||
| 040 | _cMagnum | ||
| 100 | _aGarcia, Pedro Benjamim | ||
| 240 | 1 | 0 |
_aO pendulo das ideologias: a educacao popular e o desafio da pos-moder. _lpor |
| 245 | 1 | 0 | _aO pendulo das ideologias: a educacao popular e o desafio da pos-moder. |
| 362 | 0 | _a1899 | |
| 697 | _aPEDAGOGIA | ||
| 942 | _cBK | ||
| 999 |
_c168330 _d168330 |
||